মোগল সম্রাট আওরঙ্গজেব / (Record no. 14514)
[ view plain ]
| 000 -LEADER | |
|---|---|
| fixed length control field | 01025nam a22002417a 4500 |
| 001 - CONTROL NUMBER | |
| JCCL Control Number | 14514 |
| 003 - CONTROL NUMBER IDENTIFIER | |
| JCCL marc code | BD-JhCC |
| 005 - DATE AND TIME OF LATEST TRANSACTION | |
| control field | 20260127133950.0 |
| 008 - FIXED-LENGTH DATA ELEMENTS--GENERAL INFORMATION | |
| fixed length control field | 260127b |||||||| |||| 00| 0 eng d |
| 020 ## - INTERNATIONAL STANDARD BOOK NUMBER | |
| International Standard Book Number | 9789849352501 |
| 035 ## - SYSTEM CONTROL NUMBER | |
| system control number | (BD-JhCC) 14514 |
| 040 ## - CATALOGING SOURCE | |
| Original cataloging agency | BD-JhCC |
| Modifying agency | BD-JhCC |
| 041 ## - LANGUAGE CODE | |
| Language code of Book | Bangla |
| 082 ## - DEWEY DECIMAL CLASSIFICATION NUMBER | |
| DDC Edition number | 23 |
| Classification number | 954.025092 |
| Author mark and Year | JAJ 2018 |
| 100 ## - MAIN ENTRY--PERSONAL NAME | |
| Personal name | জালালউদ্দীন বিশ্বাস, মোহম্মদ |
| 245 ## - TITLE STATEMENT | |
| Title | মোগল সম্রাট আওরঙ্গজেব / |
| Statement of responsibility, etc | মোহম্মদ জালালউদ্দীন বিশ্বাস |
| 260 ## - PUBLICATION, DISTRIBUTION, ETC. (IMPRINT) | |
| Place of publication, distribution, etc | ঢাকাঃ |
| Name of publisher, distributor, etc | জ্ঞানকোষ প্রকাশনী, |
| Date of publication, distribution, etc | ২০১৮ |
| 300 ## - PHYSICAL DESCRIPTION | |
| Pagination | ৭৯ পৃ.; |
| Dimensions | ২২ সেমি. |
| Accompanying material | পেপার বাইণ্ডিং |
| 650 ## - SUBJECT ADDED ENTRY--TOPICAL TERM | |
| Topical term or geographic name as entry element | ভারত উপমহাদেশের ইতিহাস |
| 650 ## - SUBJECT ADDED ENTRY--TOPICAL TERM | |
| Topical term or geographic name as entry element | মোগল যুগ |
| 650 ## - SUBJECT ADDED ENTRY--TOPICAL TERM | |
| Topical term or geographic name as entry element | আওরঙ্গজেব এর শাসনকাল (১৬৫৮–১৭০৭) |
| 942 ## - ADDED ENTRY ELEMENTS (KOHA) | |
| Source of classification or shelving scheme | Dewey Decimal Classification |
| Koha item type | Books |
| Source of classification or shelving scheme | Damaged status | Not for loan | Collection code | Home library | Current library | Shelving location | Date of accession | Cost, normal purchase price | Full call number | Barcode | Date last seen | Copy number | Method of acquisition | Koha item type | Currency |
|---|---|---|---|---|---|---|---|---|---|---|---|---|---|---|---|
| Dewey Decimal Classification | Non-fiction | JCC Rouf Library | JCC Rouf Library | General Stacks | 01/27/2026 | 173.00 | 954.025092 JAJ 2018 | 20279 | 01/27/2026 | C-1 | Purchase | Books | BDT | ||
| Dewey Decimal Classification | Non-fiction | JCC Rouf Library | JCC Rouf Library | General Stacks | 01/27/2026 | 173.00 | 954.025092 JAJ 2018 | 20280 | 01/27/2026 | C-2 | Purchase | Books | BDT |